[Event "19th Dubai Open 2017"]
[Site "Dubai UAE"]
[Date "2017.04.03"]
[Round "1.13"]
[White "Pranav, V"]
[Black "Salem, A.R. Saleh"]
[Result "1-0"]
[BlackTitle "GM"]
[WhiteElo "2149"]
[BlackElo "2652"]
[WhiteFideId "25060783"]
[BlackFideId "9301348"]
[EventDate "2017.04.03"]

1. e4 e5 2. Nf3 Nc6 3. Nc3 Nf6 4. Bb5 Bc5 5. Nxe5 O-O 6. Nf3 Nd4 7. Nxd4 Bxd4 8.
d3 d5 9. O-O c6 10. Ba4 Bg4 11. Qd2 Re8 12. exd5 b5 13. Bb3 b4 14. Ne4 cxd5 15.
Ng3 a5 16. Ba4 Re7 17. Re1 Raa7 18. Rxe7 Rxe7 19. c3 Be5 20. Nf1 Bd6 21. Bd1 Bf5
22. Bf3 Qc7 23. g3 Bh3 24. Ne3 Qd7 25. a3 b3 26. d4 Qb5 27. a4 Qd7 28. Qd1 h5
29. Qxb3 h4 30. Qb5 Qc8 31. Qd3 Re8 32. Bd2 Ne4 33. Bxe4 dxe4 34. Qc4 Qd8 35.
Qe2 Qf6 36. Qh5 Bd7 37. Nd5 Qe6 38. c4 h3 39. Ne3 Rb8 40. Bc3 Bb4 41. Bxb4 Rxb4
42. Qxa5 Rxb2 43. Qc3 Qb6 44. Rc1 Rb3 45. Qc2 Rd3 46. c5 Qh6 47. c6 Bc8 48. Rb1
Rxd4 49. a5 Kh7 50. a6 Bxa6 51. Nf5 Rd2 52. Qxe4 Qf6 53. Qg4 Bc8 54. Qxh3+ Kg6
55. g4 Qg5 56. Nh4+ Kf6 57. Nf3 Qg6 58. Nxd2 Bxg4 59. Qg3 1-0

[Event "19th Dubai Open 2017"]
[Site "Dubai UAE"]
[Date "2017.04.03"]
[Round "1.16"]
[White "Zhang, Zhong"]
[Black "Makropoulou, Marina"]
[Result "1-0"]
[WhiteTitle "GM"]
[BlackTitle "WGM"]
[WhiteElo "2641"]
[BlackElo "2144"]
[WhiteFideId "8600694"]
[BlackFideId "4200187"]
[EventDate "2017.04.03"]

1. Nf3 Nf6 2. g3 c5 3. Bg2 Nc6 4. d4 e6 5. O-O d5 6. c4 dxc4 7. Qa4 Bd7 8. Qxc4
cxd4 9. Nxd4 Rc8 10. Nc3 a6 11. Rd1 Nxd4 12. Qxd4 Bc5 13. Qh4 b5 14. Bg5 Be7 15.
Ne4 Nxe4 16. Bxe7 Qxe7 17. Qxe4 O-O 18. Qb7 Rfd8 19. Qxa6 Be8 20. Qa5 h6 21. Bf3
g6 22. a3 h5 23. h4 Kg7 24. Rd2 Rxd2 25. Qxd2 Rd8 26. Qc3+ Qf6 27. Rc1 e5 28.
Bg2 Rd4 29. e3 Rd6 30. Qb4 Bd7 31. b3 Bg4 32. a4 bxa4 33. bxa4 Rb6 34. Qc3 Be2
35. a5 Rd6 36. Qb2 Ba6 37. Be4 Bd3 38. Bxd3 Rxd3 39. Ra1 Rd6 40. e4 Ra6 41. Qb5
Qd6 42. Kg2 Kh7 43. Ra2 Qf6 44. Ra3 Kg7 45. Rf3 Qe6 46. Rc3 Qf6 47. Rc8 Re6 48.
Re8 Rxe8 49. Qxe8 Qd6 50. Qb5 Qd4 51. Qc6 g5 52. hxg5 h4 53. Qh6+ Kg8 54. Qxh4
Qa4 55. g6 fxg6 56. Qd8+ Kh7 57. Qe7+ 1-0

[Event "19th Dubai Open 2017"]
[Site "Dubai UAE"]
[Date "2017.04.03"]
[Round "1.25"]
[White "Salonika, Saina"]
[Black "Pantsulaia, Levan"]
[Result "0-1"]
[WhiteTitle "WFM"]
[BlackTitle "GM"]
[WhiteElo "2098"]
[BlackElo "2589"]
[WhiteFideId "25013971"]
[BlackFideId "13602071"]
[EventDate "2017.04.03"]

1. e4 c5 2. Nc3 a6 3. g3 b5 4. Bg2 Bb7 5. d3 e6 6. Nh3 Nc6 7. O-O Nge7 8. f4 Nd4
9. Ne2 Nec6 10. c3 Nxe2+ 11. Qxe2 Be7 12. Be3 Rc8 13. g4 h6 14. a3 d6 15. Kh1
Nb8 16. Qf2 Nd7 17. g5 hxg5 18. fxg5 O-O 19. Qg3 Ne5 20. Nf4 g6 21. h4 Kg7 22.
Kg1 Rh8 23. Rf2 Rh7 24. Bh1 Qh8 25. Rh2 Kf8 26. Rd1 Ke8 27. b3 a5 28. d4 cxd4
29. Bxd4 Bd8 30. Nd3 Bc7 31. Nxe5 dxe5 32. Bc5 Bb8 33. b4 Rxc5 34. bxc5 Qf8 35.
Rhd2 Bc7 36. Qxe5 Qe7 37. Qd4 Bc6 38. Qf2 Kf8 39. e5 Qxg5+ 40. Bg2 Rxh4 41. Rf1
Rh7 42. Qf4 Qxf4 43. Rxf4 Bxe5 44. Rff2 Be8 45. Rd8 Ke7 46. Ra8 Bxc3 47. Rc2 b4
48. axb4 axb4 49. c6 Rh8 50. Rb8 Bd4+ 51. Kf1 Bxc6 52. Rxb4 Bxg2+ 53. Kxg2 Rd8
54. Rc7+ Kf6 55. Rbb7 Rf8 56. Rd7 Be5 57. Kf3 g5 58. Rb5 Rb8 59. Rxb8 Bxb8 60.
Rb7 Bf4 61. Ra7 Kg6 62. Rb7 f6 63. Kg4 f5+ 64. Kf3 e5 65. Rb6+ Kh5 66. Rf6 e4+
67. Kf2 Kg4 68. Ra6 Bh2 69. Ra4 Bd6 70. Ke2 Kf4 71. Ra5 g4 72. Kf2 Be7 73. Rb5
Bh4+ 74. Kg2 Be1 75. Rc5 Bd2 76. Rc4 Ke3 77. Kg3 Be1+ 78. Kg2 f4 79. Ra4 f3+ 80.
Kf1 Bc3 81. Ra3 Kd3 0-1

[Event "19th Dubai Open 2017"]
[Site "Dubai UAE"]
[Date "2017.04.03"]
[Round "1.29"]
[White "Hallaeva, Bahar"]
[Black "Idani, Pouya"]
[Result "1/2-1/2"]
[WhiteTitle "WFM"]
[BlackTitle "GM"]
[WhiteElo "2083"]
[BlackElo "2573"]
[WhiteFideId "14000679"]
[BlackFideId "12510130"]
[EventDate "2017.04.03"]

1. e4 c5 2. c3 d6 3. d4 Nf6 4. Bd3 g6 5. Nf3 Bg7 6. O-O O-O 7. h3 Nc6 8. d5 Nb8
9. Bg5 Na6 10. Bxa6 bxa6 11. Nbd2 Rb8 12. Qc2 e6 13. dxe6 Bxe6 14. c4 Qb6 15. b3
a5 16. a4 Nd7 17. Rad1 f5 18. Bf4 h6 19. Qd3 Ne5 20. Qe3 g5 21. Bxe5 dxe5 22.
exf5 Bxf5 23. Nxe5 Rbe8 24. Ndf3 g4 25. hxg4 Bxg4 26. Rd5 Bxf3 27. gxf3 Rf5 28.
f4 Bxe5 29. Re1 Qg6+ 30. Kf1 Ref8 31. Rxe5 Rxf4 32. Re8 Rxf2+ 33. Qxf2 Rxe8 34.
Rxe8+ Qxe8 35. Qxc5 Qd7 36. Qe3 Qf5+ 37. Kg2 h5 38. Qe8+ Kg7 39. Qe7+ Kg6 40.
Qd6+ Kf7 41. Qc7+ Kf6 42. Qd8+ Kg7 43. Qd4+ Kg6 44. Qd6+ Kf7 45. Qc7+ Kf6 46.
Qd6+ Kf7 47. Qc7+ Kf6 48. Qd6+ 1/2-1/2

[Event "19th Dubai Open 2017"]
[Site "Dubai UAE"]
[Date "2017.04.03"]
[Round "1.31"]
[White "Jeet, Jain"]
[Black "Santos Latasa, Jaime"]
[Result "0-1"]
[BlackTitle "IM"]
[WhiteElo "2078"]
[BlackElo "2565"]
[WhiteFideId "5073022"]
[BlackFideId "2293307"]
[EventDate "2017.04.03"]

1. e4 c5 2. Nf3 e6 3. d4 cxd4 4. Nxd4 a6 5. c4 Nf6 6. Nc3 Qc7 7. Qe2 d6 8. g3 b6
9. Bg2 Bb7 10. O-O Nbd7 11. Bd2 g6 12. Rfd1 Bg7 13. Rac1 O-O 14. Nc2 Rfe8 15.
Bf4 Ne5 16. Na3 Red8 17. h3 Rac8 18. b3 Nfd7 19. Be3 Qb8 20. Bd4 Bh6 21. Be3 Bf8
22. f4 Nc6 23. Nc2 Bg7 24. Nd4 Nc5 25. Nxc6 Bxc6 26. Bd4 e5 27. fxe5 Bxe5 28.
Qf2 a5 29. Kh2 Re8 30. Bxe5 Rxe5 31. Qd4 Rd8 32. Rc2 Qc7 33. Rf2 Qe7 34. Rdf1
Rf8 35. Rf6 Re6 36. Rxe6 fxe6 37. Rxf8+ Qxf8 38. e5 Bxg2 39. Kxg2 Qa8+ 40. Kh2
dxe5 41. Qxe5 Qf3 42. Qb8+ Kg7 43. Qe5+ Qf6 44. Qc7+ Kh6 45. Qf4+ Qxf4 46. gxf4
g5 47. Kg3 gxf4+ 48. Kxf4 Kh5 49. Ke5 Kh4 50. Ne4 Nxe4 51. Kxe4 Kxh3 52. a3 Kg4
53. b4 h5 54. bxa5 bxa5 55. c5 h4 56. c6 h3 57. c7 h2 58. c8=Q h1=Q+ 59. Ke5
Qd5+ 60. Kf6 Qf5+ 61. Ke7 e5 62. Qc5 Qf4 63. Qxa5 e4 64. Qe1 e3 65. a4 Qf2 66.
Qb4+ Kh3 67. Qc3 Kg2 68. Qg7+ Qg3 69. Qb2+ Kf3 70. Qc3 Qh4+ 71. Ke6 Qxa4 72. Kd5
Qd7+ 0-1

[Event "19th Dubai Open 2017"]
[Site "Dubai UAE"]
[Date "2017.04.03"]
[Round "1.33"]
[White "Nikhil, Magizhnan"]
[Black "Xu, Yinglun"]
[Result "0-1"]
[WhiteTitle "CM"]
[WhiteElo "2077"]
[BlackElo "2557"]
[WhiteFideId "35075497"]
[BlackFideId "8604940"]
[EventDate "2017.04.03"]

1. e4 c5 2. Nf3 d6 3. d4 cxd4 4. Nxd4 Nf6 5. Nc3 a6 6. Bg5 Nbd7 7. Qd2 e6 8.
O-O-O Be7 9. Bc4 h6 10. Bh4 Qa5 11. f3 Nc5 12. Nb3 Qb4 13. Nxc5 Qxc5 14. Be2 b5
15. Bg3 e5 16. Bf2 Qc7 17. g4 Be6 18. h4 Rc8 19. Kb1 g6 20. Be3 h5 21. g5 Nd7
22. f4 exf4 23. Bxf4 Ne5 24. Nd5 Bxd5 25. exd5 O-O 26. Bxe5 dxe5 27. Bxh5 gxh5
28. d6 Bxd6 29. Qxd6 Qxc2+ 30. Ka1 Rfe8 31. g6 fxg6 32. Rhg1 Kh7 33. Rdf1 Rc7
34. a3 Rg7 35. Rg5 Qc7 36. Qd5 Qc4 37. Qd1 Rd8 38. Qxd8 Qxf1+ 39. Ka2 Qc4+ 40.
Ka1 Qxh4 41. Qf6 Qf4 42. Qxe5 Qxe5 43. Rxe5 g5 44. Kb1 h4 45. Kc2 h3 46. Kd2 h2
47. Re1 g4 48. Rh1 g3 49. Ke2 Rf7 50. Ke1 Kg6 51. Ke2 g2 52. Rxh2 g1=Q 0-1

[Event "19th Dubai Open 2017"]
[Site "Dubai UAE"]
[Date "2017.04.03"]
[Round "1.35"]
[White "Deng, Tianle"]
[Black "Sunilduth Lyna, Narayanan"]
[Result "0-1"]
[BlackTitle "GM"]
[WhiteElo "2077"]
[BlackElo "2551"]
[WhiteFideId "8614369"]
[BlackFideId "5058422"]
[EventDate "2017.04.03"]

1. e4 e5 2. Nf3 Nc6 3. Bb5 a6 4. Ba4 Nf6 5. d3 d6 6. c3 Bd7 7. O-O g6 8. Re1 Bg7
9. Nbd2 O-O 10. Nf1 b5 11. Bc2 Re8 12. a4 b4 13. h3 Rb8 14. d4 bxc3 15. bxc3
exd4 16. cxd4 Nb4 17. Bb1 c5 18. Bf4 Bc6 19. Ng3 cxd4 20. Nxd4 Ba8 21. Ra3 Nfd5
22. Bc1 Ne7 23. Bg5 Qb6 24. Be3 Qb7 25. Qd2 Nbc6 26. Nxc6 Nxc6 27. Ba2 Nb4 28.
Bh6 Be5 29. f4 Bh8 30. Bb1 Nd5 31. Kh2 Qb2 32. Qxb2 Rxb2 33. Ra2 Rxa2 34. Bxa2
Nc3 35. Bc4 a5 36. Bd3 f5 37. Bc4+ Bd5 38. Bxd5+ Nxd5 39. Rd1 Nc3 40. Rxd6 fxe4
41. Ra6 e3 42. Rxa5 e2 43. Nxe2 Nxe2 44. Ra7 Bd4 45. Rd7 Bg1+ 46. Kh1 Be3 47.
Rg7+ Kh8 48. Rf7 Ng3+ 49. Kh2 Nf5 50. Bg5 Kg8 51. Rf6 Kg7 52. g4 Nd4 53. Rd6
Nf3+ 54. Kg3 Nxg5 55. fxg5 Bxg5 56. Rd7+ Re7 57. Rxe7+ Bxe7 58. h4 Kf6 59. g5+
Kf5 60. h5 Kxg5 0-1

[Event "19th Dubai Open 2017"]
[Site "Dubai UAE"]
[Date "2017.04.03"]
[Round "1.37"]
[White "Ovezdurdiyeva, Jemal"]
[Black "Mastrovasilis, Athanasios"]
[Result "0-1"]
[WhiteTitle "WFM"]
[BlackTitle "GM"]
[WhiteElo "2073"]
[BlackElo "2524"]
[WhiteFideId "14001888"]
[BlackFideId "4201990"]
[EventDate "2017.04.03"]

1. d4 Nf6 2. c4 e6 3. Nc3 Bb4 4. e3 O-O 5. Ne2 Re8 6. a3 Bf8 7. Ng3 d5 8. Be2
dxc4 9. O-O c5 10. dxc5 Bxc5 11. Bxc4 Nbd7 12. b4 Be7 13. Bb2 Nb6 14. Bb3 Qxd1
15. Rfxd1 Bd7 16. e4 a5 17. e5 Ng4 18. Nce4 axb4 19. axb4 Bxb4 20. h3 Nh6 21.
Nd6 Bxd6 22. Rxd6 Rxa1+ 23. Bxa1 Bc6 24. Bc3 Nc8 25. Rd1 Ne7 26. Bc2 Rc8 27. Bb2
Nhf5 28. Nxf5 Nxf5 29. Bxf5 exf5 30. Ba3 h6 31. Be7 Kh7 32. Rd8 Rxd8 33. Bxd8 b5
34. Be7 f4 35. g4 Bf3 36. Bd6 g5 37. Be7 Kg6 38. Kh2 h5 39. gxh5+ Kxh5 40. Bd6
Kh4 41. Be7 Bd5 42. Bb4 f3 43. Be7 Be6 44. Bd6 Bxh3 45. Be7 Bf1 46. Bd6 Bc4 47.
Be7 Kg4 48. Bd6 Be6 49. Kg1 Kh3 50. Bb4 g4 51. Be1 Kh4 52. Kh2 Kg5 53. Bb4 Kf4
54. Bd6 g3+ 55. Kg1 g2 0-1

[Event "19th Dubai Open 2017"]
[Site "Dubai UAE"]
[Date "2017.04.03"]
[Round "1.39"]
[White "Al Yaghshi, M. Hisham"]
[Black "Kuybokarov, Temur"]
[Result "1/2-1/2"]
[BlackTitle "IM"]
[WhiteElo "2056"]
[BlackElo "2504"]
[WhiteFideId "7604610"]
[BlackFideId "14203049"]
[EventDate "2017.04.03"]

1. d4 d5 2. c4 c6 3. Nf3 Nf6 4. Nc3 dxc4 5. a4 e6 6. e3 c5 7. Bxc4 Nc6 8. O-O
cxd4 9. exd4 Be7 10. d5 exd5 11. Nxd5 Nxd5 12. Bxd5 O-O 13. Be3 Bf5 14. Qb3 Na5
15. Qa2 Nc6 16. Rfd1 Qa5 17. Qb3 Nb4 18. Ne5 Nxd5 19. Rxd5 Qa6 20. Nd7 Be6 21.
Nxf8 Rxf8 22. Rad1 Bxd5 23. Rxd5 Rd8 24. Rxd8+ Bxd8 25. Qd1 Bf6 26. Qd7 g5 27.
b4 Qe2 28. h4 Qe1+ 29. Kh2 Qxb4 30. hxg5 Qh4+ 31. Kg1 Bxg5 32. g3 Qh5 33. Qd5 h6
34. Bxa7 Qe2 35. a5 Qe6 36. Qxe6 fxe6 37. Kg2 Kf7 38. Kf3 e5 39. Bb6 h5 40. Ke4
Ke6 41. Bc7 Bd2 42. Bxe5 Bxa5 43. f4 Be1 44. f5+ Kf7 45. Kd5 b5 46. Kc5 b4 47.
Kc4 Bxg3 1/2-1/2

[Event "19th Dubai Open 2017"]
[Site "Dubai UAE"]
[Date "2017.04.04"]
[Round "2.1"]
[White "Laxman, R.R."]
[Black "Areshchenko, Alexander"]
[Result "0-1"]
[WhiteTitle "GM"]
[BlackTitle "GM"]
[WhiteElo "2403"]
[BlackElo "2686"]
[WhiteFideId "5005361"]
[BlackFideId "14109530"]
[EventDate "2017.04.03"]

1. d4 Nf6 2. c4 g6 3. Nc3 d5 4. cxd5 Nxd5 5. e4 Nxc3 6. bxc3 Bg7 7. Qa4+ Qd7 8.
Qxd7+ Nxd7 9. Nf3 b6 10. Bd3 Bb7 11. O-O O-O 12. a4 Rfd8 13. Re1 c5 14. Bb1 cxd4
15. cxd4 Nc5 16. Bg5 Kf8 17. Ra3 Ne6 18. d5 Nxg5 19. Nxg5 h6 20. Nh3 Rac8 21.
Nf4 Bc3 22. Rd1 e6 23. g3 g5 24. Ne2 Bb4 25. Rb3 a5 26. Nd4 exd5 27. e5 Re8 28.
Re3 Rc4 29. Nf5 d4 30. Red3 Rxe5 31. Nxd4 Bc5 32. Nf5 Bxf2+ 33. Kf1 Bc5 34. Rd8+
Re8 35. Rxe8+ Kxe8 36. Bd3 Rb4 37. Bb5+ Rxb5 38. axb5 Bf3 39. Rd3 Bg4 40. Nd4 a4
41. Nc6 Kf8 42. Ne5 Bf5 43. Nd7+ Ke7 44. Nxc5 Bxd3+ 45. Nxd3 a3 46. Nc1 Kd6 47.
g4 Ke5 48. Kf2 Kd4 49. Kf3 Ke5 50. Ke3 f5 51. gxf5 Kxf5 52. Kd4 h5 53. Kc3 h4
54. Kb3 g4 55. Kxa3 Ke4 56. Nb3 Ke3 57. Na1 h3 58. Nc2+ Ke4 0-1

[Event "19th Dubai Open 2017"]
[Site "Dubai UAE"]
[Date "2017.04.04"]
[Round "2.2"]
[White "Safarli, Eltaj"]
[Black "Padmini, Rout"]
[Result "1/2-1/2"]
[WhiteTitle "GM"]
[BlackTitle "IM"]
[WhiteElo "2680"]
[BlackElo "2400"]
[WhiteFideId "13402129"]
[BlackFideId "5029295"]
[EventDate "2017.04.03"]

1. e4 e5 2. Nf3 Nc6 3. Bb5 Nf6 4. d3 Bc5 5. c3 O-O 6. Nbd2 d6 7. O-O Ne7 8. d4
exd4 9. cxd4 Bb6 10. h3 d5 11. e5 Ne4 12. a4 a5 13. Re1 Bf5 14. Nf1 f6 15. Be3
Bd7 16. exf6 Nxf6 17. Bxd7 Qxd7 18. Ne5 Qc8 19. g4 Nd7 20. Ng3 Nxe5 21. dxe5 Qe6
22. Ra3 Bxe3 23. Raxe3 c5 24. Rf1 d4 25. Re4 Nd5 26. Qb3 b6 27. Nf5 Kh8 28. Nd6
Rad8 29. Rfe1 g5 30. h4 gxh4 31. Qh3 Nf4 32. Qxh4 Nd3 33. R1e2 Nc1 34. Re1 Nd3
35. R1e2 Nc1 36. Re1 1/2-1/2

[Event "19th Dubai Open 2017"]
[Site "Dubai UAE"]
[Date "2017.04.04"]
[Round "2.3"]
[White "Iniyan, P"]
[Black "Anton Guijarro, David"]
[Result "0-1"]
[BlackTitle "GM"]
[WhiteElo "2399"]
[BlackElo "2679"]
[WhiteFideId "25002767"]
[BlackFideId "2285525"]
[EventDate "2017.04.03"]

1. d4 f5 2. c4 Nf6 3. Nf3 e6 4. g3 d5 5. Bg2 Bd6 6. O-O O-O 7. b3 b6 8. Ba3 Ne4
9. Bxd6 Qxd6 10. Qc2 Nd7 11. Nc3 c6 12. Rac1 Bb7 13. Qb2 Qe7 14. Nd2 c5 15.
Ndxe4 dxe4 16. e3 Rad8 17. Qa3 Nb8 18. dxc5 bxc5 19. Qxa7 Nc6 20. Qb6 Ra8 21.
Nb5 Rfc8 22. Nd6 Qxd6 23. Qxb7 Rcb8 24. Rcd1 Nd4 25. Qxa8 Rxa8 26. exd4 cxd4 27.
Rd2 d3 28. Rfd1 Ra3 29. f3 Qd4+ 30. Kf1 h5 31. c5 Ra5 0-1

[Event "19th Dubai Open 2017"]
[Site "Dubai UAE"]
[Date "2017.04.04"]
[Round "2.4"]
[White "Akopian, Vladimir"]
[Black "D'Costa, Lorin A R"]
[Result "1-0"]
[WhiteTitle "GM"]
[BlackTitle "IM"]
[WhiteElo "2675"]
[BlackElo "2390"]
[WhiteFideId "13300032"]
[BlackFideId "409219"]
[EventDate "2017.04.03"]

1. e4 c6 2. d4 d5 3. e5 Bf5 4. Nf3 e6 5. Be2 Ne7 6. O-O c5 7. dxc5 Nec6 8. Be3
Nd7 9. c4 dxc4 10. Na3 Bxc5 11. Bxc5 Nxc5 12. Nxc4 O-O 13. Qc1 Nd7 14. Qf4 Nb6
15. Nd6 Nd5 16. Qg3 Bg6 17. Bc4 Qb6 18. Rad1 Qxb2 19. Rd2 Qa3 20. h4 Rad8 21.
Nxb7 Rd7 22. Bb5 Rxb7 23. Bxc6 Rb2 24. Rxb2 Qxb2 25. Bxd5 exd5 26. Qf4 Be4 27.
Ng5 h6 28. Nxe4 dxe4 29. Qxe4 Qxa2 30. Rc1 Re8 31. f4 Qe6 32. Qc6 h5 33. Qxe6
Rxe6 34. Kf2 f6 35. Rc5 fxe5 36. fxe5 Ra6 37. Kf3 Kf7 38. Rc7+ Ke6 39. Rxg7 Ra3+
40. Kf4 Ra4+ 41. Kg3 Ra3+ 42. Kh2 Ra4 43. Rg6+ Kd5 44. Kg3 Re4 45. Rd6+ Kxe5 46.
Rh6 Rg4+ 47. Kh3 Kf4 48. Rxh5 Rg3+ 49. Kh2 Ra3 50. Rg5 a5 51. g3+ Kf3 52. Kh3 a4
53. Rg4 Kf2 54. h5 Rf3 55. h6 a3 56. h7 Rf8 57. Rf4+ 1-0

[Event "19th Dubai Open 2017"]
[Site "Dubai UAE"]
[Date "2017.04.04"]
[Round "2.5"]
[White "Yap, Kim Steven"]
[Black "Iturrizaga Bonelli, Eduardo"]
[Result "0-1"]
[WhiteTitle "IM"]
[BlackTitle "GM"]
[WhiteElo "2379"]
[BlackElo "2671"]
[WhiteFideId "5202809"]
[BlackFideId "3901211"]
[EventDate "2017.04.03"]

1. e4 c5 2. b3 g6 3. Bb2 Nf6 4. e5 Nd5 5. Qf3 Nc7 6. h4 Ne6 7. h5 g5 8. h6 Nc6
9. Bc4 Qc7 10. Bxe6 dxe6 11. Ne2 b6 12. Na3 Bb7 13. Qe3 Rg8 14. O-O-O Nb4 15.
Kb1 Bxg2 16. Rh2 Qc6 17. d4 Rd8 18. Rg1 Bf3 19. dxc5 bxc5 20. Nc3 g4 21. Nc4 Nd5
22. Nxd5 exd5 23. Nd2 d4 24. Qd3 Bd5 25. Rh4 Bxh6 26. Bc1 Bxd2 27. Qxd2 Be4 28.
Rgxg4 Rxg4 29. Rxg4 Bg6 30. Qa5 c4 0-1

[Event "19th Dubai Open 2017"]
[Site "Dubai UAE"]
[Date "2017.04.04"]
[Round "2.6"]
[White "Jones, Gawain C B"]
[Black "Rathnakaran, K."]
[Result "1-0"]
[WhiteTitle "GM"]
[BlackTitle "IM"]
[WhiteElo "2671"]
[BlackElo "2383"]
[WhiteFideId "409561"]
[BlackFideId "5005507"]
[EventDate "2017.04.03"]

1. c4 Nf6 2. Nc3 g6 3. d4 Bg7 4. e4 d6 5. h3 O-O 6. Be3 c6 7. Nf3 Na6 8. g4 e5
9. d5 cxd5 10. cxd5 Nc5 11. Nd2 b6 12. b4 Ncd7 13. Bb5 a5 14. a3 Ba6 15. Bc6 Rb8
16. Qa4 h6 17. Rg1 Bd3 18. Rg3 Ba6 19. h4 Bc8 20. Nc4 Nxg4 21. Rxg4 Nc5 22. Qd1
Bxg4 23. Qxg4 Nb3 24. Rb1 Nd4 25. h5 axb4 26. axb4 f5 27. Qxg6 f4 28. Bxd4 exd4
29. Ne2 Qh4 30. Nxd6 d3 31. Bd7 dxe2 32. Be6+ Kh8 33. Bf5 1-0

[Event "19th Dubai Open 2017"]
[Site "Dubai UAE"]
[Date "2017.04.04"]
[Round "2.8"]
[White "Sargissian, Gabriel"]
[Black "Roy, Prantik"]
[Result "1-0"]
[WhiteTitle "GM"]
[BlackTitle "IM"]
[WhiteElo "2666"]
[BlackElo "2372"]
[WhiteFideId "13300881"]
[BlackFideId "5035120"]
[EventDate "2017.04.03"]

1. d4 d6 2. Nf3 Nf6 3. c4 g6 4. Nc3 Bg7 5. g3 O-O 6. Bg2 Nc6 7. O-O a6 8. d5 Na5
9. b3 c5 10. dxc6 Nxc6 11. Bb2 Qa5 12. Nd5 Nxd5 13. Bxg7 Nc3 14. Bxc3 Qxc3 15.
Rc1 Qa5 16. Qc2 Bf5 17. Qb2 Be4 18. Rc3 Rad8 19. a3 d5 20. b4 Qb6 21. cxd5 Bxd5
22. Re3 Bxf3 23. Bxf3 Nd4 24. Bg2 Qf6 25. Kh1 Rd7 26. Rd3 Rfd8 27. e3 Nb5 28.
Qxf6 exf6 29. Rxd7 Rxd7 30. a4 Nc3 31. Ra1 f5 32. Kg1 Rc7 33. Bf1 Ne4 34. Bd3
Rc3 35. Rd1 Nf6 36. Be2 Ne4 37. Bd3 Nf6 38. Be2 Ne4 39. Bf3 Rc4 40. Rd4 Rxd4 41.
exd4 Nd6 42. a5 Kf8 43. Kf1 Ke7 44. Ke2 Kd7 45. Kd3 Kc7 46. Bd5 h6 47. f4 f6 48.
Bc4 Kc6 49. d5+ Kc7 50. Kd4 Ne4 51. Bd3 Nf2 52. b5 axb5 53. Bxb5 Ne4 54. Be8 g5
55. fxg5 Nxg5 56. Bg6 Kd6 57. Bxf5 Nf3+ 58. Kc4 Ne5+ 59. Kb5 Kc7 60. Be6 Nd3 61.
Kc4 Ne5+ 62. Kc5 Nd3+ 63. Kd4 Nc1 64. Ke4 Kd6 65. Kf5 Nb3 66. Kg6 Nxa5 67. Kxh6
Nc4 68. Kg7 b5 69. h4 b4 70. h5 Ke5 71. h6 b3 72. h7 b2 73. Bf5 Kxf5 74. h8=Q
Na3 75. Qb8 1-0

[Event "19th Dubai Open 2017"]
[Site "Dubai UAE"]
[Date "2017.04.04"]
[Round "2.9"]
[White "Tissir, Mohamed"]
[Black "Rakhmanov, Aleksandr"]
[Result "0-1"]
[WhiteTitle "IM"]
[BlackTitle "GM"]
[WhiteElo "2364"]
[BlackElo "2665"]
[WhiteFideId "9000240"]
[BlackFideId "4173708"]
[EventDate "2017.04.03"]

1. e4 c5 2. Nf3 Nf6 3. Nc3 d5 4. exd5 Nxd5 5. Bb5+ Bd7 6. Bc4 Nb6 7. Be2 Nc6 8.
O-O e5 9. Bb5 f6 10. Nh4 Be6 11. a4 a6 12. Bxc6+ bxc6 13. Qf3 Qd7 14. d3 Be7 15.
Qe2 O-O 16. f4 g5 17. fxg5 Qd4+ 18. Qf2 fxg5 19. Nf3 Qxf2+ 20. Rxf2 c4 21. Be3
Nd5 22. Nxd5 cxd5 23. Nxe5 Bd6 24. Rxf8+ Rxf8 25. Nf3 cxd3 26. cxd3 g4 27. Nd4
Bd7 28. b3 Re8 29. Bf2 Rc8 30. Rd1 h5 31. g3 Kf7 32. Be3 Kg6 33. Rc1 Re8 34. Bf2
Rb8 35. Kf1 Rb7 36. Ke2 h4 37. Rc2 h3 38. Rc1 Ba3 39. Rc2 Bd6 40. Rc1 Kf7 41.
Be3 Be5 42. Rc5 Bxd4 43. Bxd4 Rxb3 44. Rxd5 Bxa4 45. Rg5 Rb1 46. Kd2 Rh1 47.
Rxg4 Rxh2+ 48. Ke3 Rc2 49. Rg7+ Kf8 50. Rg5 0-1

[Event "19th Dubai Open 2017"]
[Site "Dubai UAE"]
[Date "2017.04.04"]
[Round "2.10"]
[White "Amin, Bassem"]
[Black "Siva, Mahadevan"]
[Result "1-0"]
[WhiteTitle "GM"]
[BlackTitle "IM"]
[WhiteElo "2663"]
[BlackElo "2363"]
[WhiteFideId "10601457"]
[BlackFideId "25043153"]
[EventDate "2017.04.03"]

1. e4 c5 2. d3 d6 3. g3 g6 4. Bg2 Bg7 5. f4 Nc6 6. Nf3 e6 7. O-O Nge7 8. c3 O-O
9. Be3 b6 10. d4 Ba6 11. Re1 Qc7 12. Na3 Rad8 13. Rc1 Qb8 14. Bf2 Rfe8 15. d5
exd5 16. exd5 Na5 17. b4 Nc4 18. Qa4 Bc8 19. Nxc4 b5 20. Qa5 1-0

[Event "19th Dubai Open 2017"]
[Site "Dubai UAE"]
[Date "2017.04.04"]
[Round "2.11"]
[White "Thakur, Akash"]
[Black "Mareco, Sandro"]
[Result "0-1"]
[WhiteTitle "FM"]
[BlackTitle "GM"]
[WhiteElo "2363"]
[BlackElo "2655"]
[WhiteFideId "5008514"]
[BlackFideId "112275"]
[EventDate "2017.04.03"]

1. e4 c5 2. Nf3 d6 3. Bb5+ Nc6 4. O-O Bd7 5. Re1 Nf6 6. c3 a6 7. Ba4 c4 8. Bc2
Bg4 9. h3 Bh5 10. d4 cxd3 11. Qxd3 e6 12. a3 Be7 13. Bg5 h6 14. Bh4 Bg6 15. Nbd2
O-O 16. Qe2 Qc7 17. Rad1 b5 18. Bb1 Nd7 19. Bxe7 Nxe7 20. Nh4 Bh7 21. f4 Rad8
22. Kh1 Kh8 23. f5 g5 24. fxg6 fxg6 25. Ba2 g5 26. Nhf3 e5 27. Nh2 Nf6 28. Rf1
Kg7 29. Rde1 Bg6 30. Ng4 Nh5 31. Qe3 Nf4 32. g3 Nh5 33. Nxh6 Kxh6 34. h4 Qd7 35.
Qxg5+ Kg7 36. g4 Ng3+ 37. Kg2 Nxf1 38. Rxf1 Rxf1 39. Nxf1 Kh7 40. Ng3 Rf8 41.
Nf5 Nxf5 42. exf5 Bf7 43. Bb1 Qb7+ 44. Kh2 Rg8 45. f6+ e4 46. Qf5+ Bg6 47. Qe6
d5 48. h5 Bxh5 49. gxh5 Qc7+ 50. Kh1 Qg3 0-1

[Event "19th Dubai Open 2017"]
[Site "Dubai UAE"]
[Date "2017.04.04"]
[Round "2.12"]
[White "Saeed, Ishaq"]
[Black "Oleksiyenko, Mykhaylo"]
[Result "1/2-1/2"]
[WhiteTitle "FM"]
[BlackTitle "GM"]
[WhiteElo "2360"]
[BlackElo "2643"]
[WhiteFideId "9301453"]
[BlackFideId "4152417"]
[EventDate "2017.04.03"]

1. d4 Nf6 2. c4 e6 3. Nf3 b6 4. g3 Bb7 5. Bg2 Be7 6. O-O O-O 7. Nc3 Ne4 8. Bd2
Bf6 9. Ne5 Nxc3 10. Bxc3 Bxg2 11. Kxg2 c5 12. Ng4 Bxd4 13. Bxd4 cxd4 14. Qxd4
Nc6 15. Qd6 Qe7 16. Qxe7 Nxe7 17. Rfd1 Rfd8 18. Rd2 Kf8 19. Rad1 Ke8 20. Ne5
Rac8 21. b3 f6 22. Nd3 d5 23. Nb2 a6 24. a4 b5 25. cxd5 Rxd5 26. Rxd5 Nxd5 27.
e4 Nb4 28. Rd4 Nc6 29. Rd1 Ke7 30. Rc1 Kd6 31. Nd3 bxa4 32. bxa4 Rb8 33. Rd1 Nd4
34. f4 e5 35. fxe5+ fxe5 36. Rc1 Rb3 37. Nc5 Rb2+ 38. Kh3 a5 39. Kg4 Rxh2 40.
Nb7+ Ke7 41. Rb1 Ra2 42. Nxa5 Rxa4 43. Nb7 Ra3 44. Nc5 Kd6 45. Nb7+ Kc7 46. Nc5
Kc6 47. Rc1 Ne2 48. Rc2 Rxg3+ 49. Kh4 Rg2 50. Ne6+ Kd6 51. Nxg7 Rxg7 52. Rxe2
Rg1 53. Kh5 Rd1 54. Kg5 Ke6 55. Ra2 Rg1+ 56. Kh5 Rd1 57. Kg5 Rg1+ 58. Kh5 Re1
59. Ra4 Kd6 60. Kg5 Rg1+ 61. Kf5 Rf1+ 62. Kg5 Kc5 63. Kh6 Rc1 64. Kxh7 Rc4 65.
Ra5+ Kd4 66. Kg6 Kxe4 67. Kf6 Rc6+ 68. Kg5 Rc8 69. Ra4+ Kf3 70. Ra3+ Ke4 71.
Ra4+ Kd5 72. Kf5 Rf8+ 73. Kg4 e4 74. Ra5+ Kd4 75. Ra4+ Ke3 76. Ra3+ Kf2 77. Ra2+
Kf1 78. Ra1+ Kg2 79. Re1 Re8 80. Kf4 e3 81. Rxe3 Rxe3 82. Kxe3 1/2-1/2